عرض عادي
عرض مارك
- القمش، مصطفى نوري
مدخل إسم شخص
001 - رقم الضبط
- حقل الضبط: 56463
003 - معرف رقم الضبط
- حقل الضبط: OSt
005 - تاريخ ووقت أخر عملية
- حقل الضبط: 20160928083850.0
008 - عناصر بيانات ثابتة الطول
- حقل تحكم ثابت الطول: 160928|| aca||aabn | a|a d
040 ## - مصدر الفهرسة
- هيئة الفهرسة الأصلية: OSt
- وكالة الكتابة: OSt
100 ## - مدخل -- أسم شخص
- إسم شخص: القمش، مصطفى نوري
670 ## - بيانات المصدر موجوده
- الاستشهاد بالمصدر: Work cat.: (OSt)39744: القمش، مصطفى نوري, موضوعات خاصة في التربية الخاصة /
